MARC details
| 000 -LEADER |
| campo de control de longitud fija |
01981nas a2200541 i 4500 |
| 001 - NÚMERO DE CONTROL |
| campo de control |
197113 |
| 003 - IDENTIFICADOR DE NÚMERO DE CONTROL |
| campo de control |
ES-MaACL |
| 005 - FECHA Y HORA DE LA ÚLTIMA TRANSACCIÓN |
| campo de control |
20250823004928.0 |
| 007 - CAMPO FIJO DE DESCRIPCIÓN FÍSICA--INFORMACIÓN GENERAL |
| campo de control de longitud fija |
ta |
| 008 - DATOS DE LONGITUD FIJA--INFORMACIÓN GENERAL |
| campo de control de longitud fija |
250415c19299999sp mr p 0uuub0spa |
| 010 ## - NÚMERO DE CONTROL DE LA BIBLIOTECA DEL CONGRESO |
| Número de control de LC |
c |
| Número de control de NUCMC |
2 |
| 016 7# - NÚMERO DE CONTROL DE UNA AGENCIA BIBLIOGRÁFICA NACIONAL |
| Número de control del registro |
biseBNE19970049339 |
| Fuente |
SpMaBN |
| Número de control cancelado/no válido |
REB1996024886 |
| 017 ## - NÚMERO DE COPYRIGHT O DE DEPÓSITO LEGAL |
| Número de copyright o de depósito legal |
M 22624-2012 |
| Agencia que asigna |
Oficina Depósito Legal Madrid |
| 022 0# - NÚMERO INTERNACIONAL NORMALIZADO PARA PUBLICACIONES SERIADAS |
| Número Internacional Normalizado para Publicaciones Seriadas |
0035-5658 |
| Fuente |
_u |
| 035 ## - NÚMERO DE CONTROL DEL SISTEMA |
| Número de control de sistema |
(OCoLC)436555763 |
| 035 ## - NÚMERO DE CONTROL DEL SISTEMA |
| Número de control de sistema |
(SpMaBN)bise0000165240 |
| 035 ## - NÚMERO DE CONTROL DEL SISTEMA |
| Número de control de sistema |
991053733359708606 |
| 037 ## - FUENTE DE ADQUISICIÓN |
| Fuente del número de adquisición |
Lira. Isabel Colbrand, 10, Edificio Alfa III-Venecia 2, planta 4ª, nave 95, 28050; tf. 91-3588774, fax 91-3588944 |
| 040 ## - FUENTE DE CATALOGACIÓN |
| Centro catalogador/agencia de origen |
SpMaBN |
| Lengua de catalogación |
spa |
| Centro/agencia transcriptor |
SIC |
| Normas de descripción |
rdc |
| 080 ## - NÚMERO DE LA CLASIFICACIÓN DECIMAL UNIVERSAL |
| Número de la Clasificación Decimal Universal |
78 |
| 130 0# - ENTRADA PRINCIPAL--TÍTULO UNIFORME |
| Título uniforme |
Ritmo (Madrid) |
| 9 (RLIN) |
240051 |
| 210 0# - TÍTULO ABREVIADO |
| Título abreviado |
Ritmo |
| Información calificativa |
Madr. |
| 222 #0 - TÍTULO CLAVE |
| Título clave |
Ritmo |
| Información calificativa |
Madrid |
| 245 10 - MENCIÓN DEL TÍTULO |
| Título |
Ritmo : |
| Resto del título |
revista musical ilustrada |
| 246 3# - FORMA VARIANTE DEL TITULO |
| Título propio/Titulo breve |
Ritmo.es |
| 246 3# - FORMA VARIANTE DEL TITULO |
| Título propio/Titulo breve |
Ritmo punto es |
| 260 ## - PUBLICACIÓN, DISTRIBUCIÓN, ETC. |
| Lugar de publicación, distribución, etc. |
Madrid : |
| Nombre del editor, distribuidor, etc. |
[s.n.], |
| Fecha de publicación, distribución, etc. |
[1929]- |
| Lugar de fabricación/manufactura |
(Madrid |
| Fabricante |
Gráfica Universal) |
| 260 3# - PUBLICACIÓN, DISTRIBUCIÓN, ETC. |
| Materiales especificados |
1996- |
| Lugar de publicación, distribución, etc. |
(Madrid |
| Nombre del editor, distribuidor, etc. |
Lira) |
| 300 ## - DESCRIPCIÓN FÍSICA |
| Extensión |
43 v. ; |
| Dimensiones |
32 cm |
| 310 ## - PERIODICIDAD ACTUAL |
| Periodicidad actual |
Mensual |
| 321 ## - PERIODICIDAD ANTERIOR |
| Periodicidad anterior |
Quincenal |
| 336 ## - TIPO DE CONTENIDO |
| Término de tipo de contenido |
Texto (visual) |
| Fuente |
rdacontent |
| 337 ## - TIPO DE MEDIO |
| Nombre/término del tipo de medio |
sin mediación |
| Fuente |
rdamedia |
| 338 ## - TIPO DE SOPORTE |
| Fuente |
rdacarrier |
| Nombre/término del tipo de soporte |
volumen |
| 362 0# - FECHAS DE PUBLICACIÓN Y/O DESIGNACIÓN SECUENCIAL |
| Fecha de publicación y/o designación secuencial |
Año 1, n. 1 (1 nov. 1929)- |
| 500 ## - NOTA GENERAL |
| Nota general |
Variaciones en el subtítulo |
| 525 ## - NOTA DE SUPLEMENTO |
| Nota de suplemento |
Numerosos suplementos puntuales |
| 594 ## - Nota al título y mención de responsabilidad |
| Nota al título y mención de responsabilidad |
Título tomado de la cubierta |
| 650 #7 - PUNTO DE ACCESO ADICIONAL DE MATERIA--TÉRMINO DE MATERIA |
| Término de materia o nombre geográfico como elemento de entrada |
Música |
| Fuente del encabezamiento o término |
embne |
| 9 (RLIN) |
15376 |
| 655 #7 - TERMINO DE INDIZACIÓN--GENERO/FORMA |
| 9 (RLIN) |
226866 |
| Datos o término principal de género/forma |
Revistas |
| 852 4# - LOCALIZACIÓN |
| Ubicación |
ES-MaACL |
| Número de control de estantería |
HEM-H-86 |
| Ubicación en estantería |
Hemeroteca |
| Signatura antigua |
Olim: HEM-505 |
| 856 41 - LOCALIZACIÓN Y ACCESO ELECTRÓNICOS |
| Materiales especificados |
1929-2020 |
| Identificador Uniforme de Recursos |
<a href="https://prensahistorica.mcu.es/es/consulta/registro.do?id=1028803">https://prensahistorica.mcu.es/es/consulta/registro.do?id=1028803</a> |
| Texto de enlace |
Biblioteca Virtual de Prensa Histórica |
| 856 41 - LOCALIZACIÓN Y ACCESO ELECTRÓNICOS |
| Identificador Uniforme de Recursos |
<a href="https://dialnet.unirioja.es/servlet/revista?codigo=1837">https://dialnet.unirioja.es/servlet/revista?codigo=1837</a> |
| Texto de enlace |
Sumarios de la revista en Dialnet |
| 866 #0 - MENCIÓN TEXTUAL DE FONDOS--UNIDAD BIBLIOGRÁFICA BÁSICA |
| Fondos |
1933(1934)1963-1966(1967),(1988)1989-2011(2012). |
| Faltas |
1934(n.103-105,107 y 109)1967(n.379),1988(n. 593-594) |
| 942 ## - ELEMENTOS DE ENTRADA SECUNDARIOS (KOHA) |
| Fuente del sistema de clasificación o colocación |
Clasificación decimal universal |
| Suprimir en OPAC |
No |
| Tipo de ítem Koha |
Revista |
| 955 ## - CATALOGADOR - EDICIÓN |
| Nombre de catalogador |
Pilar Fernández Vera |